| 000 | 00628nam a2200205Ia 4500 | ||
|---|---|---|---|
| 008 | 150520s9999 xx 000 0 und d | ||
| 050 | _aHF 5415 | ||
| 050 | _b.C284 2014 | ||
| 100 | _aCarlon, Charlene Erika E. | ||
| 245 | _aFactors influencing customer selection of courier company / | ||
| 245 | _cCharlene Erika E. Carlon, Jerilee S. Cornelio. | ||
| 260 | _aLas PiƱas, Philippines : | ||
| 260 | _bSISC, | ||
| 260 | _c2014. | ||
| 300 | _a40 pages : | ||
| 300 | _billustrations ; | ||
| 300 | _c28 cm. | ||
| 500 | _aIncludes bibliographical references and appendices. | ||
| 650 | _aCustomer relationship management | ||
| 999 |
_c284080 _d284080 |
||